[Event "Barcelona 150 aniversity 2"]
[Site "Barcelona"]
[Date "2019.06.07"]
[Round "7.4"]
[White "Jimenez Sanchez, Joan R"]
[Black "Berengeno Vierge, Rodolfo"]
[Result "1/2-1/2"]
[WhiteElo "1688"]
[BlackElo "1669"]
[PlyCount "64"]
[EventDate "2019.04.26"]
[EventType "swiss"]
[EventRounds "9"]
[EventCountry "ESP"]
[SourceTitle "EXT 2024"]
[Source "ChessBase"]
[SourceDate "2023.10.10"]
[SourceVersion "1"]
[SourceVersionDate "2023.10.10"]
[SourceQuality "1"]

1. e4 d5 2. exd5 Qxd5 3. Nc3 Qd6 4. d4 c6 5. Nf3 Bg4 6. Be2 Nf6 7. Bg5 e6 8. Qd2 Be7 9. Bf4 Qd8 10. Rd1 0-0 11. h3 Bxf3 12. Bxf3 Nd5 13. Ne4 Nxf4 14. Qxf4 Na6 15. 0-0 Nc7 16. c4 Ne8 17. d5 exd5 18. cxd5 cxd5 19. Rxd5 Qb6 20. Rd7 Bf6 21. Nxf6+ Nxf6 22. Rxb7 Qa5 23. a4 Rad8 24. Rb5 Qd2 25. Qxd2 Rxd2 26. Rd1 Rxd1+ 27. Bxd1 Ne4 28. b4 Nc3 29. Rb7 Nxd1 30. Rxa7 Rb8 31. b5 f6 32. Rd7 Nc3 1/2-1/2

[Event "Barcelona 150 aniversity 2"]
[Site "Barcelona"]
[Date "2019.05.17"]
[Round "4.4"]
[White "Berengeno Vierge, Rodolfo"]
[Black "Garcia Miralles, Eduard"]
[Result "0-1"]
[WhiteElo "1669"]
[BlackElo "1543"]
[PlyCount "88"]
[EventDate "2019.04.26"]
[EventType "swiss"]
[EventRounds "9"]
[EventCountry "ESP"]
[SourceTitle "EXT 2024"]
[Source "ChessBase"]
[SourceDate "2023.10.10"]
[SourceVersion "1"]
[SourceVersionDate "2023.10.10"]
[SourceQuality "1"]

1. Nf3 e6 2. d4 Nf6 3. Bf4 c5 4. Nbd2 Nc6 5. e3 Qb6 6. Nb3 cxd4 7. exd4 Be7 8. Bd3 0-0 9. 0-0 Qd8 10. h3 b6 11. c3 Bb7 12. Bc2 Qc8 13. Bg5 Nd5 14. Qd3 f5 15. a3 Bxg5 16. Nxg5 Ba6 17. c4 Nd8 18. Nd2 Nf7 19. Nxf7 Rxf7 20. b3 Qc6 21. Rac1 Nf4 22. Qf3 Qxf3 23. Nxf3 Ne2+ 24. Kh1 Nxc1 25. Rxc1 Rc8 26. Re1 h6 27. Ne5 Re7 28. Bd3 g5 29. h4 Kg7 30. hxg5 hxg5 31. Nf3 Kf6 32. Kg1 d5 33. Ne5 dxc4 34. bxc4 Rec7 35. Rc1 g4 36. Kh2 Kg5 37. f4+ Kxf4 38. g3+ Kg5 39. Kg1 Rh8 40. Re1 Rh3 41. Re3 Rch7 42. Kf2 Rh2+ 43. Ke1 Ra2 44. Bf1 Rh1 0-1

[Event "Barcelona Sant Marti op-B 18th"]
[Site "Barcelona"]
[Date "2016.07.21"]
[Round "9.34"]
[White "Arroyo Mateo, Jose Miguel"]
[Black "Berengeno Vierge, Rodolfo"]
[Result "1/2-1/2"]
[WhiteElo "1811"]
[BlackElo "1699"]
[PlyCount "189"]
[EventDate "2016.07.13"]
[EventType "swiss"]
[EventRounds "9"]
[EventCountry "ESP"]
[SourceTitle "EXT 2024"]
[Source "ChessBase"]
[SourceDate "2023.10.10"]
[SourceVersion "1"]
[SourceVersionDate "2023.10.10"]
[SourceQuality "1"]

1. c4 e5 2. Nc3 b6 3. Nf3 d6 4. g3 Bb7 5. Bg2 Nf6 6. 0-0 Be7 7. e3 0-0 8. d4 exd4 9. exd4 h6 10. d5 Nbd7 11. Nd4 Ne5 12. b3 Re8 13. a4 a6 14. Na2 a5 15. Nc3 Ned7 16. Rb1 Nc5 17. Re1 Bf8 18. Rxe8 Qxe8 19. Be3 Ba6 20. Qf3 Nfd7 21. Qh5 Qe5 22. Qh4 Qf6 23. Qh5 Ne5 24. Ne4 Nxe4 25. Bxe4 g6 26. Qh3 Bc8 27. Qf1 Ng4 28. Nb5 Nxe3 29. fxe3 Qe7 30. Qd3 f5 31. Bg2 Ba6 32. Nd4 Re8 33. Re1 Bg7 34. Ne6 Be5 35. g4 Qh4 36. Kf1 Bc8 37. Re2 Bxe6 38. dxe6 Qxg4 39. Qd5 Re7 40. Bf3 Qh3+ 41. Rg2 Kg7 42. Kf2 Bxh2 43. Qd4+ Be5 44. Qd3 Qh4+ 45. Kf1 Qf6 46. Bd5 Re8 47. Ke2 g5 48. Rf2 f4 49. Qe4 Qg6 50. Qf3 Qc2+ 51. Kf1 Qxb3 52. Qh5 Qb1+ 53. Ke2 Qc2+ 54. Kf1 Qg6 55. Qh3 Re7 56. Qf3 Qd3+ 57. Kg2 Qxe3 58. Qxe3 fxe3 59. Rf3 Bf4 60. Kf1 Kf6 61. Rh3 Kg6 62. Be4+ Kg7 63. Bf5 c6 64. Bg4 d5 65. cxd5 cxd5 66. Ke2 Rc7 67. Bf5 d4 68. Bd3 Be5 69. Rh1 Bf6 70. Rb1 Rc6 71. Bf5 h5 72. Rh1 Kh6 73. Kd3 Rc3+ 74. Ke2 Ra3 75. Bg4 h4 76. Rb1 Rxa4 77. Rxb6 d3+ 78. Kxd3 Rxg4 79. e7 Re4 80. Kxe4 e2 81. Rb1 Bxe7 82. Kf3 Bb4 83. Kxe2 g4 84. Rd1 h3 85. Kf2 Kg5 86. Rd5+ Kh4 87. Rd8 Bc5+ 88. Kf1 Kg3 89. Rd3+ Kh2 90. Rd2+ Kh1 91. Rd3 Kh2 92. Rd2+ Kh1 93. Rd3 a4 94. Rg3 Kh2 95. Rxg4 1/2-1/2

[Event "Barcelona Sant Marti op-B 18th"]
[Site "Barcelona"]
[Date "2016.07.17"]
[Round "5.54"]
[White "Castro Estrella, Joan Gabriel"]
[Black "Berengeno Vierge, Rodolfo"]
[Result "0-1"]
[WhiteElo "1414"]
[BlackElo "1699"]
[PlyCount "88"]
[EventDate "2016.07.13"]
[EventType "swiss"]
[EventRounds "9"]
[EventCountry "ESP"]
[SourceTitle "EXT 2024"]
[Source "ChessBase"]
[SourceDate "2023.10.10"]
[SourceVersion "1"]
[SourceVersionDate "2023.10.10"]
[SourceQuality "1"]

1. b4 e5 2. Bb2 d6 3. e3 g6 4. Nf3 Bg7 5. Be2 Ne7 6. 0-0 b6 7. d3 0-0 8. e4 f5 9. c4 Bb7 10. Nbd2 Nbc6 11. Qb3 Kh8 12. c5 dxc5 13. Ng5 Nd4 14. Bxd4 exd4 15. Ne6 Qd6 16. Nxf8 Rxf8 17. exf5 Nxf5 18. bxc5 Qxc5 19. Bf3 Bc8 20. Rac1 Qe7 21. Rfe1 Qd8 22. Qc4 c5 23. Qd5 Qc7 24. Qc6 Qf4 25. Rcd1 Nh4 26. Qe4 Qf6 27. Re2 Bf5 28. Qf4 g5 29. Qc7 Bxd3 30. Re7 Nf5 31. Rd7 Bb5 32. Rd5 Nh4 33. Qg3 h6 34. Ne4 Nxf3+ 35. gxf3 Qxf3 36. Qxf3 Rxf3 37. Rd8+ Rf8 38. Rxf8+ Bxf8 39. Kg2 Bc6 40. Kf3 Bd6 41. h3 Bf4 42. Rh1 d3 43. Rd1 d2 44. a3 c4 0-1

[Event "Barcelona Sant Marti op-B 18th"]
[Site "Barcelona"]
[Date "2016.07.13"]
[Round "1.5"]
[White "Minguell Soler, Joan"]
[Black "Berengeno Vierge, Rodolfo"]
[Result "1-0"]
[WhiteElo "1942"]
[BlackElo "1699"]
[PlyCount "59"]
[EventDate "2016.07.13"]
[EventType "swiss"]
[EventRounds "9"]
[EventCountry "ESP"]
[SourceTitle "EXT 2024"]
[Source "ChessBase"]
[SourceDate "2023.10.10"]
[SourceVersion "1"]
[SourceVersionDate "2023.10.10"]
[SourceQuality "1"]

1. d4 Nf6 2. c4 g6 3. Nc3 d5 4. cxd5 Nxd5 5. e4 Nxc3 6. bxc3 Bg7 7. Be3 c5 8. Bc4 cxd4 9. cxd4 0-0 10. Qd2 Nc6 11. Ne2 Qa5 12. Rd1 Qxd2+ 13. Rxd2 Rd8 14. 0-0 Na5 15. Bd3 Nc6 16. Bb5 Bd7 17. d5 Ne5 18. Bxd7 Rxd7 19. Rc2 e6 20. dxe6 fxe6 21. h3 Nc6 22. Rb1 Rad8 23. f4 Rd1+ 24. Rxd1 Rxd1+ 25. Kf2 Rd7 26. g4 Bf8 27. Kf3 Rd3 28. Rd2 Rxd2 29. Bxd2 Nd4+ 30. Nxd4 1-0

[Event "Barcelona Primavera La Lira op 7th"]
[Site "Barcelona"]
[Date "2014.06.19"]
[Round "9"]
[White "Jimenez Sanchez, Joan R"]
[Black "Berengeno Vierge, Rodolfo"]
[Result "1/2-1/2"]
[WhiteElo "1795"]
[BlackElo "1680"]
[PlyCount "140"]
[EventDate "2014.04.03"]
[EventType "swiss"]
[EventRounds "9"]
[EventCountry "ESP"]
[SourceTitle "EXT 2015"]
[Source "ChessBase"]
[SourceDate "2014.11.20"]
[SourceVersion "1"]
[SourceVersionDate "2014.11.20"]
[SourceQuality "1"]

1. e4 e6 2. d4 d5 3. exd5 exd5 4. c4 c6 5. Bd3 Nf6 6. Ne2 Bd6 7. Nbc3 Bg4 8. f3 Bh5 9. Bf4 Bg6 10. 0-0 Bxf4 11. Nxf4 Bxd3 12. Re1+ Kf8 13. Qxd3 g6 14. cxd5 cxd5 15. Qb5 Qd7 16. Qb4+ Kg7 17. Re7 Qc6 18. Qa3 Qc4 19. Kh1 Nc6 20. Rxb7 Rhe8 21. Qd6 Rad8 22. Ne6+ Rxe6 23. Qxe6 Rf8 24. Rc7 Nxd4 25. Rxc4 Nxe6 26. Ra4 Rb8 27. b3 Rb7 28. Rd1 Nc7 29. Rad4 Rb6 30. Kg1 Kf8 31. Kf2 Ke7 32. Ra4 a6 33. Rh4 Rc6 34. Re1+ Ne6 35. Na4 Kd6 36. Nb2 g5 37. Rh6 Rc2+ 38. Re2 Rxe2+ 39. Kxe2 Nf4+ 40. Kf2 Ke5 41. g3 Ng6 42. Nd3+ Kd6 43. Ke3 a5 44. b4 axb4 45. Nxb4 Kc5 46. Nd3+ Kb5 47. Kd4 Ka4 48. Rxg6 fxg6 49. Ke5 Ne8 50. Kxd5 Ka3 51. Nf2 Kxa2 52. Ne4 h6 53. Ke6 Ng7+ 54. Kf7 Nf5 55. Kxg6 Nd4 56. Nd2 Kb2 57. Kxh6 Kc2 58. Kxg5 Kxd2 59. f4 Ke3 60. f5 Ke4 61. g4 Ke5 62. Kg6 Nf3 63. h3 Nh4+ 64. Kg5 Nf3+ 65. Kh5 Kf6 66. h4 Ne5 67. g5+ Kxf5 68. Kh6 Nf7+ 69. Kh5 Ne5 70. Kh6 Nf7+ 1/2-1/2

[Event "Barcelona Primavera La Lira op 7th"]
[Site "Barcelona"]
[Date "2014.05.22"]
[Round "5"]
[White "Berengeno Vierge, Rodolfo"]
[Black "Parayre Soguero, Jordi"]
[Result "0-1"]
[WhiteElo "1680"]
[BlackElo "1908"]
[PlyCount "52"]
[EventDate "2014.04.03"]
[EventType "swiss"]
[EventRounds "9"]
[EventCountry "ESP"]
[SourceTitle "EXT 2015"]
[Source "ChessBase"]
[SourceDate "2014.11.20"]
[SourceVersion "1"]
[SourceVersionDate "2014.11.20"]
[SourceQuality "1"]

1. e4 c6 2. Nf3 d5 3. exd5 cxd5 4. d4 Nf6 5. Bf4 a6 6. h3 Nc6 7. c3 e6 8. Bd3 Bd6 9. Ne5 Qc7 10. Qe2 Bxe5 11. Bxe5 Nxe5 12. Qxe5 Qxe5+ 13. dxe5 Nd7 14. f4 Nc5 15. Bc2 Bd7 16. a4 b5 17. Nd2 bxa4 18. Nf3 Rb8 19. Rb1 0-0 20. Nd4 Rb6 21. b4 axb3 22. Nxb3 Rfb8 23. Nd2 Ba4 24. Rxb6 Rxb6 25. Bb1 Rb2 26. Rf1 Nb3 0-1

[Event "Barcelona Primavera La Lira op 7th"]
[Site "Barcelona"]
[Date "2014.05.15"]
[Round "4"]
[White "Gonzalez Canovas, Sebastian"]
[Black "Berengeno Vierge, Rodolfo"]
[Result "0-1"]
[WhiteElo "1635"]
[BlackElo "1680"]
[PlyCount "130"]
[EventDate "2014.04.03"]
[EventType "swiss"]
[EventRounds "9"]
[EventCountry "ESP"]
[SourceTitle "EXT 2015"]
[Source "ChessBase"]
[SourceDate "2014.11.20"]
[SourceVersion "1"]
[SourceVersionDate "2014.11.20"]
[SourceQuality "1"]

1. d4 e5 2. dxe5 Nc6 3. Bf4 Qe7 4. Nf3 Qb4+ 5. Bd2 Qxb2 6. Nc3 Qa3 7. Rb1 a6 8. Nd5 Kd8 9. Nc3 h6 10. e3 Qe7 11. Bc4 Nxe5 12. Nxe5 Qxe5 13. Bxf7 Nf6 14. Qf3 Bc5 15. Na4 Be7 16. Bg6 Rf8 17. Qe2 Ne4 18. f3 Nxd2 19. Qxd2 Bg5 20. Be4 Rf6 21. 0-0 Re6 22. Qe1 Rb8 23. Nc3 Bf6 24. Rb3 Rb6 25. Rxb6 cxb6 26. Ne2 d5 27. Qd2 Be6 28. Nf4 d4 29. Nxe6+ Qxe6 30. exd4 Qxa2 31. Qb4 Qe6 32. Re1 a5 33. Qd2 Qd6 34. c3 Kc7 35. Rb1 Rd8 36. Rb5 Qe7 37. Qf4+ Qd6 38. Qxd6+ Rxd6 39. Kf2 Be7 40. Ke3 Kb8 41. Kd3 Ka7 42. Rb1 Bf6 43. Kc2 Bg5 44. g3 Bf6 45. Rb5 g5 46. Rd5 Rxd5 47. Bxd5 b5 48. Kd3 h5 49. h3 a4 50. Ba2 Kb6 51. Ke4 Kc6 52. Bd5+ Kc7 53. Kf5 Be7 54. Ke6 Bd8 55. Ba2 b6 56. d5 a3 57. d6+ Kc6 58. Bd5+ Kc5 59. Bb3 b4 60. cxb4+ Kxb4 61. Ba2 Kc3 62. Kd7 Bf6 63. Kc8 b5 64. f4 gxf4 65. d7 b4 0-1

[Event "Barcelona Primavera La Lira op 7th"]
[Site "Barcelona"]
[Date "2014.04.24"]
[Round "3"]
[White "Berengeno Vierge, Rodolfo"]
[Black "Pla Carulla, Joaquim"]
[Result "1/2-1/2"]
[WhiteElo "1680"]
[BlackElo "2060"]
[PlyCount "84"]
[EventDate "2014.04.03"]
[EventType "swiss"]
[EventRounds "9"]
[EventCountry "ESP"]
[SourceTitle "EXT 2015"]
[Source "ChessBase"]
[SourceDate "2014.11.20"]
[SourceVersion "1"]
[SourceVersionDate "2014.11.20"]
[SourceQuality "1"]

1. e4 e5 2. Nc3 c5 3. f4 exf4 4. Nf3 Nc6 5. Bc4 d6 6. 0-0 Be6 7. Nd5 Be7 8. d3 g5 9. Nxe7 Qxe7 10. Bd5 h5 11. c4 h4 12. e5 0-0-0 13. Bxc6 bxc6 14. Qa4 Qc7 15. Bd2 g4 16. Ba5 Qb7 17. Bxd8 Kxd8 18. Ng5 dxe5 19. Ne4 Qb6 20. Qa3 h3 21. g3 fxg3 22. Nxg3 Ne7 23. Ne4 f5 24. Nxc5 f4 25. b4 g3 26. d4 Bxc4 27. dxe5 Nd5 28. Rfd1 Ke7 29. Rxd5 Bxd5 30. Rd1 Rg8 31. Rd2 f3 32. hxg3 Rxg3+ 33. Kh2 Rg2+ 34. Rxg2 hxg2 35. Qe3 Qd8 36. Qg5+ Ke8 37. Qg6+ Bf7 38. Qxc6+ Kf8 39. Qxf3 Qg5 40. Qxg2 Qxe5+ 41. Kg1 Qe3+ 42. Qf2 Qc1+ 1/2-1/2